[Event "First Saturday 99/7 IM"]
[Site "Budapest"]
[Date "1999.07.09"]
[Round "7"]
[White "Serrer, Ch(GER)"]
[Black "Krutti, V(HUN)."]
[Result "0-1"]
[WhiteElo "2255"]
[BlackElo "2355"]
[PlyCount "88"]

1. Nf3 d6 2. d4 Bg4 3. e3 Nf6 4. Be2 Nbd7 5. O-O c6 6. b3 Qc7 7. Nbd2 a5 8. c4
e5 9. Ba3 Rd8 10. Qc2 Be7 11. dxe5 Nxe5 12. Rfe1 Bc8 13. Rad1 O-O 14. h3 Ng6
15. Nb1 Rfe8 16. Nc3 Nf8 17. Rd2 Ne6 18. Red1 Nc5 19. Bxc5 dxc5 20. Rxd8 Bxd8
21. Bd3 g6 22. Na4 Qe7 23. Re1 Bc7 24. Bf1 Ne4 25. Re2 Bf5 26. Qc1 Qd6 27. Kh1
g5 28. g4 Bg6 29. Bg2 Rd8 30. Kg1 h5 31. Nc3 hxg4 32. hxg4 Qd3 33. Rc2 Nxc3 34.
Rxc3 Qd1+ 35. Qxd1 Rxd1+ 36. Bf1 f6 37. Kg2 Be4 38. Be2 Rd2 39. Kf1 Rxa2 40.
Ne1 Ra1 41. f4 a4 42. bxa4 Ba5 43. Rb3 Rxe1+ 44. Kf2 Rb1 0-1

[Event "First Saturday 99/7 IM"]
[Site "Budapest"]
[Date "1999.07.09"]
[Round "7"]
[White "Schebler, G(HUN)."]
[Black "Husari, S(SYR)."]
[Result "1/2-1/2"]
[WhiteElo "2440"]
[BlackElo "2305"]
[PlyCount "92"]

1. Nf3 Nf6 2. g3 g6 3. b3 Bg7 4. Bb2 O-O 5. Bg2 d6 6. d4 c6 7. Nbd2 Bf5 8. O-O
Qc8 9. c4 Bh3 10. e4 Bxg2 11. Kxg2 d5 12. e5 Nh5 13. Ba3 Qd7 14. Re1 Na6 15.
Qe2 Nc7 16. Qe3 Rfd8 17. h3 Bf8 18. Rad1 Ng7 19. Qe2 a5 20. Bc5 a4 21. Nf1 Ra6
22. Ne3 axb3 23. axb3 Nge6 24. h4 h5 25. Bb4 Rda8 26. Bc3 Ng7 27. Ra1 Rxa1 28.
Rxa1 Rxa1 29. Bxa1 Nf5 30. Nc2 Qc8 31. Nb4 e6 32. Bc3 Qa8 33. Qa2 Qxa2 34. Nxa2
Na6 35. c5 Nc7 36. Kf1 Nb5 37. Ke2 Nxc3+ 38. Nxc3 Be7 39. b4 Kf8 40. Kd3 Ke8
41. b5 Bf8 42. b6 Kd7 43. Ng5 Nh6 44. Nh7 Be7 45. f3 Nf5 46. Ne2 Ke8 1/2-1/2

[Event "First Saturday 99/7 IM"]
[Site "Budapest"]
[Date "1999.07.10"]
[Round "8"]
[White "Toth, A(HUN)."]
[Black "Kiss, G(HUN)."]
[Result "1-0"]
[WhiteElo "2295"]
[BlackElo "2325"]
[PlyCount "71"]

1. e4 c5 2. Nf3 Nc6 3. d4 cxd4 4. Nxd4 Nf6 5. Nc3 e5 6. Ndb5 d6 7. Bg5 a6 8.
Na3 b5 9. Nd5 Be7 10. Bxf6 Bxf6 11. c3 Bg5 12. Nc2 O-O 13. Be2 Be6 14. O-O Rb8
15. Ncb4 Nxb4 16. Nxb4 Qb6 17. Qd3 a5 18. Nd5 Qb7 19. Rfd1 Rfc8 20. b4 axb4 21.
cxb4 h6 22. g3 Rc4 23. Qb3 Rxe4 24. Bf3 Rd4 25. Rxd4 exd4 26. a4 bxa4 27. Rxa4
Rc8 28. Kg2 Qd7 29. h4 Bh3+ 30. Kh2 Bd8 31. b5 Bf1 32. Rxd4 Qh3+ 33. Kg1 Rc1
34. Rd1 Rxd1 35. Qxd1 Bxb5 36. Bg4 1-0

[Event "First Saturday 99/7 IM"]
[Site "Budapest"]
[Date "1999.07.10"]
[Round "8"]
[White "Szeberenyi, A(HUN)."]
[Black "Balogh, Cs(HUN)"]
[Result "1/2-1/2"]
[WhiteElo "2355"]
[BlackElo "2235"]
[PlyCount "67"]

1. e4 c5 2. Nf3 d6 3. d4 cxd4 4. Nxd4 Nf6 5. Nc3 Nc6 6. Bc4 Qb6 7. Nxc6 bxc6 8.
O-O g6 9. e5 dxe5 10. Qe2 Qd4 11. Be3 Qd6 12. f4 e4 13. h3 Bg7 14. Rad1 Qc7 15.
Bd4 O-O 16. Nxe4 Nxe4 17. Bxg7 Ng3 18. Qf2 Kxg7 19. Qxg3 Bf5 20. Qc3+ Kg8 21.
g4 Be4 22. Rfe1 Qb6+ 23. Qd4 Bxc2 24. Qxb6 axb6 25. Rd2 Ba4 26. Rxe7 Bb5 27.
Bxb5 cxb5 28. Rb7 Rfd8 29. Rf2 Rdb8 30. Rxb8+ Rxb8 31. Rd2 Ra8 32. a3 Ra4 33.
Rd6 Rc4 34. Rxb6 1/2-1/2

[Event "First Saturday 99/7 IM"]
[Site "Budapest"]
[Date "1999.07.10"]
[Round "8"]
[White "Friedrichs, K(GER)."]
[Black "Fordan, T(HUN)."]
[Result "1-0"]
[WhiteElo "2145"]
[BlackElo "2270"]
[PlyCount "66"]

1. d4 d5 2. c4 e6 3. Nc3 c6 4. Nf3 dxc4 5. e4 b5 6. a4 Bb4 7. Bd2 a5 8. axb5
Bxc3 9. Bxc3 cxb5 10. b3 Bb7 11. bxc4 b4 12. Qb1 Nd7 13. Bd3 e5 14. O-O Qc7 15.
Bb2 Ngf6 16. dxe5 Ng4 17. e6 fxe6 18. Bxg7 Rg8 19. Bb2 Nc5 20. h3 O-O-O 21. Bc2
b3 22. hxg4 bxc2 23. Qxc2 Bxe4 24. Qe2 Rxg4 25. Be5 Qb6 26. Rfd1 Rdg8 27. g3
Nd7 28. c5 Qc6 29. Rd6 Qxc5 30. Rxd7 Kxd7 31. Rd1+ Bd5 32. Bd4 Qb4 33. Ne5+ Kd6
1-0

[Event "First Saturday 99/7 IM"]
[Site "Budapest"]
[Date "1999.07.10"]
[Round "8"]
[White "Farago, S(HUN)."]
[Black "Husari, S(SYR)."]
[Result "1-0"]
[WhiteElo "2295"]
[BlackElo "2305"]
[PlyCount "139"]

1. e4 e5 2. Nf3 Nf6 3. Qe2 d6 4. g3 Be7 5. Bg2 Nc6 6. c3 O-O 7. O-O Re8 8. d3
h6 9. Nbd2 Be6 10. d4 exd4 11. cxd4 Bf8 12. Qb5 Bc8 13. Re1 a6 14. Qb3 g6 15.
h3 Bg7 16. d5 Na5 17. Qc2 c5 18. Rb1 Bd7 19. b4 cxb4 20. Rxb4 Rc8 21. Qb1 b5
22. Bb2 Nb7 23. Rb3 Na5 24. Rbe3 Nc4 25. Nxc4 bxc4 26. Bc3 Qc7 27. Nd4 Rb8 28.
Qa1 Ba4 29. Nf5 gxf5 30. Bxf6 Bf8 31. exf5 Rxe3 32. Rxe3 Bc2 33. Qd4 Bxf5 34.
Rc3 Rc8 35. Bf1 Qd7 36. g4 Bg6 37. Bxc4 a5 38. Kg2 Re8 39. Bd3 Kh7 40. Kg3 Be7
41. a4 Bxf6 42. Qxf6 Qe7 43. Qxe7 Rxe7 44. Bb5 Re5 45. Bc6 f5 46. Rb3 fxg4 47.
Rb7+ Kg8 48. hxg4 h5 49. Ra7 Re1 50. gxh5 Bxh5 51. Rxa5 Rg1+ 52. Kf4 Rf1 53.
Kg5 Bf3 54. Kf6 Rxf2 55. Ra8+ Kh7 56. Ke6 Ra2 57. a5 Be2 58. Kxd6 Kg7 59. Kc7
Rc2 60. a6 Bc4 61. Kb6 Rb2+ 62. Kc5 Be2 63. a7 Ra2 64. Kb6 Rb2+ 65. Kc7 Ra2 66.
d6 Bg4 67. Rg8+ Kxg8 68. Bd5+ Kf8 69. Bxa2 Bf3 70. d7 1-0

[Event "First Saturday 99/7 IM"]
[Site "Budapest"]
[Date "1999.07.11"]
[Round "9"]
[White "Schebler, G(GER)."]
[Black "Aumann, W(GER)."]
[Result "1/2-1/2"]
[WhiteElo "2440"]
[BlackElo "2310"]
[PlyCount "21"]

1. b3 b5 2. e4 Bb7 3. Bxb5 Bxe4 4. Nf3 Nf6 5. O-O e6 6. Bb2 Be7 7. Be2 O-O 8.
c4 c5 9. Nc3 Bb7 10. d4 cxd4 11. Nxd4 1/2-1/2

[Event "First Saturday 99/7 IM"]
[Site "Budapest"]
[Date "1999.07.11"]
[Round "9"]
[White "Kiss, G(HUN)."]
[Black "Vadasz, L(HUN)."]
[Result "1/2-1/2"]
[WhiteElo "2325"]
[BlackElo "2275"]
[PlyCount "20"]

1. e4 c6 2. d4 g6 3. Nc3 d5 4. h3 Bg7 5. Nf3 Nf6 6. e5 Ne4 7. Bd3 Nxc3 8. bxc3
c5 9. Rb1 Nc6 10. Bd2 O-O 1/2-1/2

[Event "First Saturday 99/7 IM"]
[Site "Budapest"]
[Date "1999.07.11"]
[Round "9"]
[White "Pham, Minh H(VIE)"]
[Black "Szeberenyi, A(HUN)."]
[Result "1-0"]
[WhiteElo "2420"]
[BlackElo "2355"]
[PlyCount "65"]

1. c4 e5 2. Nc3 Nf6 3. Nf3 Nc6 4. g3 d5 5. cxd5 Nxd5 6. Bg2 Nb6 7. O-O Be7 8.
d3 O-O 9. a3 Be6 10. b4 a5 11. b5 Nd4 12. Rb1 f6 13. Nd2 Nd5 14. Bxd5 Bxd5 15.
e3 Be6 16. exd4 exd4 17. Ne2 Bf5 18. Bb2 Kh8 19. Ne4 Bh3 20. Re1 f5 21. Nd2 f4
22. Nxf4 Rxf4 23. gxf4 Qd7 24. Qf3 Bh4 25. Nf1 Rf8 26. Ng3 g5 27. Re4 Qd5 28.
Qh5 Rxf4 29. Bxd4+ Kg8 30. Re8+ Rf8 31. Rxf8+ Kxf8 32. Qh6+ Ke8 33. Re1+ 1-0

[Event "First Saturday 99/7 IM"]
[Site "Budapest"]
[Date "1999.07.11"]
[Round "9"]
[White "Husari, S(SYR)."]
[Black "Krutti, V(HUN)."]
[Result "1/2-1/2"]
[WhiteElo "2305"]
[BlackElo "2355"]
[PlyCount "25"]

1. d4 Nf6 2. c4 e6 3. Nc3 d5 4. Bg5 Be7 5. e3 O-O 6. Nf3 c6 7. Rc1 h6 8. Bxf6
Bxf6 9. Qc2 Nd7 10. Bd3 dxc4 11. Bxc4 Nb6 12. Bd3 Nd5 13. a3 1/2-1/2

[Event "First Saturday 99/7 IM"]
[Site "Budapest"]
[Date "1999.07.12"]
[Round "10"]
[White "Aumann, W(GER)."]
[Black "Husari, S(SYR)."]
[Result "1/2-1/2"]
[WhiteElo "2310"]
[BlackElo "2305"]
[PlyCount "26"]

1. d4 d5 2. c4 e6 3. Nc3 c5 4. cxd5 exd5 5. Nf3 Nc6 6. g3 Nf6 7. Bg2 Be7 8. O-O
O-O 9. b3 Qa5 10. Bb2 Rd8 11. Re1 b5 12. e3 c4 13. bxc4 bxc4 1/2-1/2

[Event "First Saturday 99/7 IM"]
[Site "Budapest"]
[Date "1999.07.12"]
[Round "10"]
[White "Farago, S(HUN)."]
[Black "Krutti, V(HUN)."]
[Result "1/2-1/2"]
[WhiteElo "2295"]
[BlackElo "2355"]
[PlyCount "24"]

1. d4 d5 2. c4 c6 3. cxd5 cxd5 4. Nf3 Nf6 5. Nc3 Nc6 6. Bf4 Bf5 7. e3 e6 8. Bd3
Bxd3 9. Qxd3 Bd6 10. Bxd6 Qxd6 11. O-O O-O 12. Rac1 Rfe8 1/2-1/2

[Event "First Saturday 99/7 IM"]
[Site "Budapest"]
[Date "1999.07.12"]
[Round "10"]
[White "Friedrichs, K(GER)."]
[Black "Pham, Minh H(VIE)"]
[Result "1/2-1/2"]
[WhiteElo "2145"]
[BlackElo "2420"]
[PlyCount "74"]

1. d4 Nf6 2. c4 c5 3. d5 b5 4. Nf3 bxc4 5. Nc3 d6 6. e4 g6 7. Bxc4 Bg7 8. O-O
O-O 9. h3 Ba6 10. Bxa6 Nxa6 11. Bf4 Qb6 12. Rb1 Rfd8 13. Nd2 Nc7 14. Qe2 Rab8
15. Nc4 Qa6 16. Rbc1 Rb4 17. b3 Nd7 18. Na4 Rbb8 19. Rfe1 Rdc8 20. Rcd1 Rd8 21.
e5 dxe5 22. Nxe5 Qxe2 23. Rxe2 Nxe5 24. Bxe5 Bxe5 25. Rxe5 Kf8 26. Nxc5 Rb5 27.
Na4 e6 28. Nc3 Rc5 29. Re3 exd5 30. Red3 d4 31. Ne2 Rc2 32. Rxd4 Rxd4 33. Nxd4
Rxa2 34. Nc6 Ra6 35. Rd8+ Kg7 36. Ne5 Kf6 37. Rd7 Kxe5 1/2-1/2

[Event "First Saturday 99/7 IM"]
[Site "Budapest"]
[Date "1999.07.12"]
[Round "10"]
[White "Toth, A(HUN)."]
[Black "Schebler, G(GER)."]
[Result "0-1"]
[WhiteElo "2295"]
[BlackElo "2440"]
[PlyCount "108"]

1. e4 c5 2. Nf3 Nc6 3. d4 cxd4 4. Nxd4 Nf6 5. Nc3 g6 6. Nxc6 bxc6 7. e5 Nh5 8.
Bc4 Qa5 9. f4 Ba6 10. Bb3 Ng7 11. Be3 Nf5 12. Bf2 h5 13. Qd2 Bh6 14. O-O-O O-O
15. g3 d5 16. h3 h4 17. g4 Ng3 18. Bxg3 hxg3 19. g5 Bg7 20. h4 g2 21. Qxg2 e6
22. h5 Rfd8 23. Qh3 Qb4 24. Qh4 gxh5 25. a3 Qb6 26. Rde1 Qd4 27. Rh3 Rab8 28.
Rd1 Qb6 29. Qxh5 Bc4 30. g6 Bxb3 31. cxb3 Qxb3 32. Rd2 Qc4 33. gxf7+ Kf8 34.
Qh7 Kxf7 35. Rh6 Rg8 36. Rf6+ Ke7 37. Qg6 Rbf8 38. Rxe6+ Kd7 39. Rd6+ Kc7 40.
Qe6 Bh8 41. Rd7+ Kb6 42. Qe7 Rb8 43. Qh4 Rg1+ 44. Rd1 Rxd1+ 45. Kxd1 Bxe5 46.
Qe7 Qd3+ 47. Ke1 Bxc3+ 48. bxc3 Qxc3+ 49. Ke2 Qc2+ 50. Kf3 Qd1+ 51. Kf2 Qd4+
52. Kf3 Ka6 53. Qe6 Qd1+ 54. Kg3 Qg1+ 0-1

[Event "First Saturday 99/7 IM"]
[Site "Budapest"]
[Date "1999.07.12"]
[Round "10"]
[White "Fordan, T(HUN)."]
[Black "Balogh, Cs(HUN)"]
[Result "1-0"]
[WhiteElo "2270"]
[BlackElo "2235"]
[PlyCount "115"]

1. d4 Nf6 2. c4 e6 3. Nc3 Bb4 4. e3 O-O 5. Bd3 d5 6. Nf3 c5 7. O-O Nc6 8. a3
Bxc3 9. bxc3 Qc7 10. Qc2 dxc4 11. Bxc4 e5 12. Bd3 Re8 13. dxe5 Nxe5 14. Nxe5
Qxe5 15. f3 Be6 16. e4 c4 17. Be2 Qc5+ 18. Kh1 b5 19. a4 a6 20. Ba3 Qe5 21.
Rfd1 Rad8 22. Bb4 h5 23. axb5 axb5 24. Ra6 Rxd1+ 25. Qxd1 h4 26. Rd6 Kh7 27.
Rd4 Qg5 28. Qd2 Qxd2 29. Rxd2 Ra8 30. Kg1 Ra1+ 31. Kf2 Rh1 32. Rd1 Rxd1 33.
Bxd1 g5 34. Bc2 Nd7 35. Bd6 f6 36. Ke3 Ne5 37. g3 hxg3 38. hxg3 Kg7 39. f4
gxf4+ 40. gxf4 Nd3 41. Bd1 f5 42. exf5 Bxf5 43. Bf3 Bd7 44. Be5+ Nxe5 45. fxe5
Kf7 46. Kd4 Ke7 47. Kc5 Be8 48. Bg4 Kf8 49. Kd6 Kg7 50. e6 Kf6 51. e7 b4 52.
cxb4 c3 53. Bd1 Kf5 54. Bc2+ Kf6 55. Bd3 Ba4 56. b5 c2 57. e8=Q c1=Q 58. Qg6#
1-0

[Event "First Saturday 99/7 IM"]
[Site "Budapest"]
[Date "1999.07.13"]
[Round "11"]
[White "Krutti, V(HUN)."]
[Black "Aumann, W(GER)."]
[Result "1-0"]
[WhiteElo "2355"]
[BlackElo "2310"]
[PlyCount "72"]

1. d4 d5 2. c4 dxc4 3. Nf3 Nf6 4. e3 e6 5. Bxc4 a6 6. Qe2 c5 7. dxc5 Bxc5 8. e4
b5 9. Bd3 Nc6 10. Nc3 Qc7 11. e5 Nd4 12. Nxd4 Bxd4 13. Nxb5 Qxe5 14. Nxd4 Qxd4
15. O-O Bb7 16. Rd1 Qc5 17. Be3 Qa5 18. Rac1 O-O 19. b4 Qa3 20. Rc7 Bd5 21. Bc5
Rfc8 22. Rxc8+ Rxc8 23. Bxa6 Ra8 24. Bc4 h6 25. h3 Bxc4 26. Qxc4 Qxa2 27. Rd8+
Kh7 28. Qd3+ g6 29. Qd4 Qa1+ 30. Qxa1 Rxa1+ 31. Kh2 Rb1 32. Bd4 Kg7 33. Rb8 g5
34. b5 Kg6 35. b6 Kf5 36. g4+ Kg6 1-0

[Event "First Saturday 99/7 IM"]
[Site "Budapest"]
[Date "1999.07.13"]
[Round "11"]
[White "Serrer, Ch(GER)"]
[Black "Szeberenyi, A(HUN)."]
[Result "1/2-1/2"]
[WhiteElo "2255"]
[BlackElo "2355"]
[PlyCount "38"]

1. Nf3 d5 2. d4 Nf6 3. c4 e6 4. Nc3 Bb4 5. Bd2 O-O 6. e3 Nc6 7. cxd5 exd5 8.
Bd3 Ne7 9. Nb5 Bxd2+ 10. Qxd2 c6 11. Nc3 Bf5 12. O-O Bxd3 13. Qxd3 Ng6 14. Rfc1
Qe7 15. Nd2 Rae8 16. Qf5 Ne4 17. Ncxe4 dxe4 18. g3 Qe6 19. Qxe6 Rxe6 1/2-1/2

[Event "First Saturday 99/7 IM"]
[Site "Budapest"]
[Date "1999.07.13"]
[Round "11"]
[White "Balogh, Cs(HUN)"]
[Black "Farago, S(HUN)."]
[Result "1-0"]
[WhiteElo "2235"]
[BlackElo "2295"]
[PlyCount "71"]

1. e4 c5 2. Nf3 d6 3. d4 cxd4 4. Nxd4 Nf6 5. Nc3 g6 6. Be3 Bg7 7. f3 O-O 8. Qd2
Nc6 9. Bc4 Bd7 10. h4 h5 11. O-O-O Ne5 12. Bb3 Rc8 13. Bg5 Rc5 14. Kb1 b5 15.
g4 a5 16. gxh5 Nxh5 17. Nd5 Re8 18. Nf4 Nxf4 19. Qxf4 a4 20. Bd5 Qb6 21. h5
Rxd5 22. exd5 f6 23. hxg6 fxg5 24. Qxg5 e6 25. f4 Nc4 26. dxe6 Bc6 27. Nf5 Bxh1
28. Nxg7 Kxg7 29. Rxh1 Qd4 30. Qh6+ Kf6 31. g7+ Ke7 32. Qg5+ Qf6 33. g8=Q Rxg8
34. Rh7+ Kxe6 35. Qxg8+ Kf5 36. Rf7 1-0

[Event "First Saturday 99/7 IM"]
[Site "Budapest"]
[Date "1999.07.13"]
[Round "11"]
[White "Kiss, G(HUN)."]
[Black "Friedrichs, K(GER)."]
[Result "1-0"]
[WhiteElo "2325"]
[BlackElo "2145"]
[PlyCount "101"]

1. e4 d5 2. exd5 Qxd5 3. Nc3 Qa5 4. d4 c6 5. Bc4 Bf5 6. Nge2 e6 7. O-O Nd7 8.
Bb3 O-O-O 9. Bd2 Qc7 10. Bf4 Bd6 11. Bxd6 Qxd6 12. Ng3 Ne7 13. Nxf5 Nxf5 14.
Ne4 Qf4 15. Re1 Nf6 16. g3 Qc7 17. c3 Nxe4 18. Rxe4 h5 19. Qf3 Kb8 20. Bc2 h4
21. Re5 hxg3 22. hxg3 g6 23. Bd3 Rd5 24. Rae1 Rhd8 25. Bc4 Rxe5 26. Rxe5 Rh8
27. b4 Rh5 28. a4 Ng7 29. Qf6 Ne8 30. Rxh5 Nxf6 31. Rh8+ Qc8 32. Rxc8+ Kxc8 33.
f3 Nd5 34. Bxd5 cxd5 35. Kf2 b5 36. a5 Kd7 37. f4 Kd6 38. g4 f6 39. g5 fxg5 40.
fxg5 e5 41. dxe5+ Kxe5 42. Ke3 Kf5 43. Kd4 Kxg5 44. Kxd5 Kf5 45. c4 bxc4 46.
Kxc4 g5 47. b5 g4 48. Kd3 g3 49. Ke3 Kg4 50. b6 axb6 51. axb6 1-0

[Event "First Saturday 99/7 IM"]
[Site "Budapest"]
[Date "1999.07.13"]
[Round "11"]
[White "Pham, Minh H(VIE)"]
[Black "Fordan, T(HUN)."]
[Result "1-0"]
[WhiteElo "2420"]
[BlackElo "2270"]
[PlyCount "121"]

1. c4 c5 2. Nf3 e6 3. Nc3 d5 4. cxd5 exd5 5. d4 Nc6 6. e3 Nf6 7. Be2 cxd4 8.
Nxd4 Bd6 9. O-O O-O 10. b3 Re8 11. Bb2 a6 12. Rc1 Bc7 13. Ba3 Bd7 14. Bf3 Nxd4
15. Qxd4 Bc6 16. Rfd1 Be5 17. Qd3 Ne4 18. Nxe4 dxe4 19. Qxd8 Raxd8 20. Be2 g6
21. Kf1 h5 22. Bb4 Kg7 23. h3 Kg8 24. Ba5 Rxd1+ 25. Rxd1 Kg7 26. Ke1 Rc8 27.
Rc1 Kf8 28. Kd2 Kg7 29. Bc4 Ra8 30. Bb6 f5 31. Rd1 Re8 32. Kc2 Re7 33. Rd8 Re8
34. Rd1 Re7 35. Bd4 Bxd4 36. Rxd4 Rc7 37. Kd2 Be8 38. Be6 Kf6 39. Rd6 Rc6 40.
Rxc6 Bxc6 41. Bc8 h4 42. Kc3 Ke5 43. g3 hxg3 44. fxg3 g5 45. h4 gxh4 46. gxh4
f4 47. exf4+ Kxf4 48. h5 Kg5 49. Kd4 Kxh5 50. Bf5 e3 51. Kxe3 Kg5 52. Be4 Bxe4
53. Kxe4 Kf6 54. Kd5 Ke7 55. Kc5 Kd7 56. Kb6 Kc8 57. Ka7 Kc7 58. b4 Kc6 59. a4
Kc7 60. b5 axb5 61. axb5 1-0

[Event "First Saturday 99/7 IM"]
[Site "Budapest"]
[Date "1999.07.14"]
[Round "12"]
[White "Balogh, Cs(HUN)"]
[Black "Pham, Minh H(VIE)"]
[Result "1-0"]
[WhiteElo "2235"]
[BlackElo "2420"]
[PlyCount "53"]

1. e4 c5 2. Nf3 d6 3. d4 cxd4 4. Nxd4 Nf6 5. Nc3 g6 6. Be3 Bg7 7. f3 O-O 8. Qd2
Nc6 9. Bc4 Bd7 10. h4 Rc8 11. Bb3 h5 12. O-O-O Ne5 13. Bg5 Rc5 14. Kb1 b5 15.
g4 hxg4 16. h5 Nxh5 17. Nd5 Re8 18. Rxh5 gxh5 19. Qh2 Rxd5 20. Bxd5 Qb6 21. Nf5
Bxf5 22. exf5 gxf3 23. Qxh5 Rc8 24. Bf4 Rc5 25. Be6 Rxc2 26. Bxe5 fxe6 27. Qe8+
1-0

[Event "First Saturday 99/7 IM"]
[Site "Budapest"]
[Date "1999.07.14"]
[Round "12"]
[White "Friedrichs, K(GER)."]
[Black "Serrer, Ch(GER)"]
[Result "1/2-1/2"]
[WhiteElo "2145"]
[BlackElo "2255"]
[PlyCount "60"]

1. d4 Nf6 2. c4 e6 3. Nc3 Bb4 4. e3 d5 5. Nf3 O-O 6. Bd3 c5 7. O-O cxd4 8. exd4
dxc4 9. Bxc4 Nbd7 10. Bg5 Bxc3 11. bxc3 Qc7 12. Bd3 Qxc3 13. Rc1 Qa5 14. Ne5
Nxe5 15. Rc5 Qa3 16. dxe5 Qxc5 17. Bxf6 gxf6 18. Qg4+ Kh8 19. Qh4 f5 20. Qf6+
Kg8 21. Qg5+ Kh8 22. Qf6+ Kg8 23. Re1 Re8 24. Re3 Kf8 25. a4 b6 26. Re1 Bb7 27.
Bb5 Bc6 28. Rd1 Rec8 29. Bxc6 Qxc6 30. Qh8+ Ke7 1/2-1/2

[Event "First Saturday 99/7 IM"]
[Site "Budapest"]
[Date "1999.07.14"]
[Round "12"]
[White "Farago, S(HUN)."]
[Black "Aumann, W(GER)."]
[Result "1/2-1/2"]
[WhiteElo "2295"]
[BlackElo "2310"]
[PlyCount "98"]

1. e4 e6 2. d4 d5 3. Nc3 Bb4 4. e5 Ne7 5. a3 Bxc3+ 6. bxc3 b6 7. a4 Ba6 8. Bxa6
Nxa6 9. Qe2 Nb8 10. Nf3 Nbc6 11. O-O Na5 12. Nd2 Qd7 13. Ba3 O-O 14. c4 dxc4
15. Nxc4 Nxc4 16. Qxc4 Rfd8 17. c3 Nc6 18. Qe2 Qd5 19. Bc1 Na5 20. Qg4 Kh8 21.
Bg5 Rd7 22. Rfe1 c5 23. Rad1 cxd4 24. cxd4 Nc6 25. Rd3 Ne7 26. Qh5 Ng6 27. Rh3
h6 28. Be3 Rc8 29. g4 Kg8 30. g5 Qe4 31. f3 Qf5 32. gxh6 Qxh5 33. Rxh5 Rc4 34.
Ra1 Rc2 35. hxg7 Kxg7 36. Rg5 f6 37. exf6+ Kxf6 38. Rg2 Rdc7 39. Ra2 Rxa2 40.
Rxa2 Nh4 41. Kf2 Rg7 42. Kf1 Kf5 43. Ke2 Rg2+ 44. Bf2 Rxh2 45. a5 Ng2 46. Kf1
Nf4 47. Kg1 Rg2+ 48. Kf1 Rh2 49. Kg1 Rg2+ 1/2-1/2

[Event "First Saturday 99/7 IM"]
[Site "Budapest"]
[Date "1999.07.15"]
[Round "13"]
[White "Pham, Minh H(VIE)"]
[Black "Farago, S(HUN)."]
[Result "1/2-1/2"]
[WhiteElo "2420"]
[BlackElo "2295"]
[PlyCount "22"]

1. e4 e5 2. Nf3 Nc6 3. Nc3 Nf6 4. g3 g6 5. Bg2 Bg7 6. O-O O-O 7. d3 d6 8. Bd2
Bd7 9. Qc1 Qc8 10. Re1 Re8 11. Qd1 Qd8 1/2-1/2

[Event "First Saturday 99/7 IM"]
[Site "Budapest"]
[Date "1999.07.15"]
[Round "13"]
[White "Krutti, V(HUN)."]
[Black "Vadasz, L(HUN)."]
[Result "1/2-1/2"]
[WhiteElo "2355"]
[BlackElo "2275"]
[PlyCount "25"]

1. d4 d5 2. c4 c6 3. Nf3 Nf6 4. cxd5 cxd5 5. Nc3 Nc6 6. Bf4 Bf5 7. e3 e6 8. Bd3
Bxd3 9. Qxd3 Bd6 10. Bxd6 Qxd6 11. O-O O-O 12. Rfc1 Rfc8 13. a3 1/2-1/2

[Event "First Saturday 99/7 IM"]
[Site "Budapest"]
[Date "1999.07.15"]
[Round "13"]
[White "Serrer, Ch(GER)"]
[Black "Fordan, T(HUN)."]
[Result "1/2-1/2"]
[WhiteElo "2255"]
[BlackElo "2270"]
[PlyCount "65"]

1. d4 d5 2. c4 e6 3. Nc3 c5 4. cxd5 exd5 5. Nf3 Nc6 6. Bg5 Be7 7. Bxe7 Ngxe7 8.
dxc5 Qa5 9. e3 Qxc5 10. Be2 O-O 11. O-O Be6 12. Rc1 Qb6 13. Na4 Qa5 14. a3 Rac8
15. Nc5 Qb6 16. b4 a5 17. Na4 Qd8 18. b5 Na7 19. Qd4 Rxc1 20. Rxc1 Nac8 21. Qc5
Nd6 22. Nd4 Ne4 23. Qb6 Nc8 24. Qxd8 Rxd8 25. Rc7 Ncd6 26. f3 Nf6 27. Nb6 Nfe8
28. Rc3 Nf5 29. Kf2 Kf8 30. Bd3 Nxd4 31. exd4 Ke7 32. Na4 Rc8 33. Rxc8 1/2-1/2

[Event "First Saturday 99/7 IM"]
[Site "Budapest"]
[Date "1999.07.15"]
[Round "13"]
[White "Kiss, G(HUN)."]
[Black "Balogh, Cs(HUN)"]
[Result "1/2-1/2"]
[WhiteElo "2325"]
[BlackElo "2235"]
[PlyCount "52"]

1. e4 c5 2. Nf3 d6 3. d4 cxd4 4. Nxd4 Nf6 5. Nc3 Nc6 6. Bg5 e6 7. Qd2 a6 8.
O-O-O Bd7 9. f4 b5 10. Nxc6 Bxc6 11. Bd3 Be7 12. e5 dxe5 13. fxe5 Nd7 14. Bxe7
Qxe7 15. Be4 Qc5 16. Bxc6 Qxc6 17. Qg5 O-O 18. Rhe1 Rac8 19. Rd6 Qc7 20. Rd4
Nb6 21. Rg4 g6 22. Re2 Qc5 23. Qh4 Qg1+ 24. Re1 Qc5 25. Re2 Qg1+ 26. Re1 Qc5
1/2-1/2

[Event "First Saturday 99/7 IM"]
[Site "Budapest"]
[Date "1999.07.15"]
[Round "13"]
[White "Schebler, G(GER)."]
[Black "Friedrichs, K(GER)."]
[Result "1-0"]
[WhiteElo "2440"]
[BlackElo "2145"]
[PlyCount "61"]

1. e4 c5 2. Nf3 d6 3. d4 Nf6 4. Nc3 cxd4 5. Nxd4 g6 6. f3 Bg7 7. Be3 O-O 8. Bc4
Nc6 9. Qd2 Bd7 10. O-O-O Rc8 11. Bb3 Ne5 12. h4 Nc4 13. Bxc4 Rxc4 14. h5 Nxh5
15. Nde2 Qa5 16. g4 Nf6 17. Bh6 Rfc8 18. Bxg7 Kxg7 19. Qh6+ Kg8 20. Rd3 b5 21.
Nf4 b4 22. g5 Nh5 23. Nxh5 gxh5 24. Nd5 Rxc2+ 25. Kb1 Rc1+ 26. Rxc1 Rxc1+ 27.
Kxc1 Qc5+ 28. Kd1 Qg1+ 29. Kc2 Ba4+ 30. b3 Qf2+ 31. Rd2 1-0

[Event "First Saturday 99/7 IM"]
[Site "Budapest"]
[Date "1999.07.15"]
[Round "13"]
[White "Szeberenyi, A(HUN)."]
[Black "Husari, S(SYR)."]
[Result "1-0"]
[WhiteElo "2355"]
[BlackElo "2305"]
[PlyCount "90"]

1. d4 Nf6 2. c4 g6 3. Nc3 d5 4. Nf3 Bg7 5. Bg5 dxc4 6. e4 c5 7. Bxc4 cxd4 8.
Qxd4 Qxd4 9. Nxd4 Nxe4 10. Nxe4 Bxd4 11. O-O-O Nc6 12. Bh6 Bf5 13. Ng5 e6 14.
Rxd4 Nxd4 15. Bg7 Rc8 16. b3 Ke7 17. Bxd4 f6 18. Kb2 b5 19. Bxb5 Rc2+ 20. Ka3
Rb8 21. Bc4 fxg5 22. h3 Rd8 23. Be3 Kf6 24. Re1 e5 25. g4 Be6 26. Bxe6 Kxe6 27.
Bxg5 Rd5 28. f4 Ra5+ 29. Kb4 Rcxa2 30. Bd8 Rd5 31. Rxe5+ Rxe5 32. fxe5 Kxe5 33.
g5 Kd5 34. Kb5 Rh2 35. b4 Rxh3 36. Ka6 Ra3+ 37. Ba5 Kc6 38. Kxa7 Kb5 39. Kb7
Rg3 40. Bd8 Kxb4 41. Kc6 Kc4 42. Bf6 Rd3 43. Be5 Rd1 44. Bf6 Rd5 45. Be7 Rd1
1-0